<?xml version="1.0" encoding="UTF-8"?>
<marc:record xmlns:marc="http://www.loc.gov/MARC21/slim">
   <marc:leader>00000nam a2200000 a 4500</marc:leader>
   <marc:datafield ind1="1" ind2=" " tag="100">
      <marc:subfield code="a">Gutberlet, Bernd Ingmar</marc:subfield>
      <marc:subfield code="4">aut</marc:subfield>
      <marc:subfield code="e">Verfasser/-in</marc:subfield>
   </marc:datafield>
   <marc:datafield ind1="1" ind2=" " tag="100">
      <marc:subfield code="a">Krisztina Bradeanu</marc:subfield>
   </marc:datafield>
   <marc:datafield ind1=" " ind2=" " tag="653">
      <marc:subfield code="a">Maya</marc:subfield>
   </marc:datafield>
   <marc:datafield ind1=" " ind2=" " tag="653">
      <marc:subfield code="a">Hochkultur</marc:subfield>
   </marc:datafield>
   <marc:datafield ind1="0" ind2="0" tag="245">
      <marc:subfield code="a">Der Maya-Kalender</marc:subfield>
   </marc:datafield>
   <marc:datafield ind1="0" ind2="0" tag="245">
      <marc:subfield code="b">Die Wahrheit über das größte Rätsel einer Hochkultur</marc:subfield>
   </marc:datafield>
   <marc:datafield ind1="0" ind2="0" tag="245">
      <marc:subfield code="c">Bernd Ingmar Gutberlet</marc:subfield>
   </marc:datafield>
   <marc:datafield ind1=" " ind2="1" tag="264">
      <marc:subfield code="a">Wien u.a.</marc:subfield>
      <marc:subfield code="b">Lübbe </marc:subfield>
      <marc:subfield code="c">2009</marc:subfield>
   </marc:datafield>
   <marc:datafield ind1="1" ind2=" " tag="520">
      <marc:subfield code="a">Warum entwickelt ein Urwaldvolk vor über zwei Jahrtausenden einen ausgeklügelten Kalender, genauer noch als der europäische? Wieso waren die alten Maya so besessen von der Zeit? Weshalb besteht ihr Kalender aus vielen rätselhaften Zyklen? Der Autor behandelt diese und viele andere Fragen und entzaubert Mythen und Legenden.</marc:subfield>
   </marc:datafield>
   <marc:datafield ind1=" " ind2=" " tag="500">
      <marc:subfield code="a">Warum entwickelte ein Urwaldvolk vor über zwei Jahrtausenden einen ausgeklügelten Kalender, genauer noch als der europäische? Wieso waren die alten Maya so besessen von der Zeit? Weshalb besteht ihr Kalender aus vielen rätselhaften Zyklen und was macht ih</marc:subfield>
   </marc:datafield>
   <marc:datafield ind1=" " ind2=" " tag="300">
      <marc:subfield code="a">285 S. : ill.</marc:subfield>
   </marc:datafield>
</marc:record>
